Honkai : Star Rail de A à Z - Statistiques

Statistiques générales
  • Ce quiz a été pris 127 fois
    56 depuis la dernière actualisation
  • Le résultat moyen est 9 sur 26
Statistiques - réponses
Lettre Indice Réponse % Correct
B Chasseur de Stellaron ayant prêté allégeance à l'Esclave du destin Blade
86%
K La réponse est K K
86%
R "Ninja Éblouissante" des Rangers de la galaxie Rappa
76%
P Voie suivie par les Architectes de Jarilo-VI Préservation
73%
N Terme anglais de "Sans Nom" Nameless
67%
I Aiôn de la Nihilité IX
63%
J Ressource permettant d'invoquer les personnages Jade stellaire
61%
W Herrscher de la Raison prénommé "Joachim Nokianvirtanen" Welt
51%
X Une des juges de la Commission des dix seigneurs Xueyi
51%
T Aptitude de personnage Trace
47%
Y "Moi quand je parle à la folle aux épées pour pas qu'elle me tue." Yunli
41%
C Lieu permettant d'acquérir des reliques Caverne de la corrosion
35%
U "User identifier" UID
24%
M L'Horloger de Penacony Mikhail Char Legwork
22%
Z Une des six flottes de l'alliance Xianzhou Zhuming
20%
D Membres hauts placés de la CPI Dix cœurs de pierre
16%
E Ruan Mei tente de recréer cette espèce Essaim
14%
F Autre nom de "Saran" Feixiao
10%
A Célèbre superstar du système Epsilon XII ayant chanté "Never Give Up, Never Surrender" Ast Rickley
8%
G Institution académique sponsorisée par la CPI Guilde de l'intelligentsia
6%
H Défi réalisable uniquement au Luofu de Xianzhou Hexanexus
6%
L Cône de lumière de Luciole Là où les rêves se reposent
4%
O Créatures ailées du Pays des rêves Oiseaux en origami
4%
Q Set d'ornements octroyant des DGT critiques Quille brisée
4%
V Gameplay donnant accès à certains événements/quêtes en avance Vision de la Finalité
4%
S Planète d'origine d'Aventurine Sigonia-IV
2%
Aucun quiz correspondant
Distribution des résultats
% des personnes avec chaque résultat
Percentile par nombre de réponses
Votre historique - résultats
Vous n’avez pas pris ce quiz depuis la dernière actualisation